Vida secreta de las sombras : imágenes del fantástico en el cine francés /

Recorrido crítico por la idea de lo "fantástico" en la tradición fílmica francesa. A diferencia de otros cines nacionales, el francés no llegó a integrar en su primer siglo –según explican los prologuistas Nuria Bou y Xavier Pérez- un corpus sistemático de filmes de género asociados al fantástico. E...

Descripción completa

Guardado en:
Detalles Bibliográficos
Autor principal: Lucas, Gonzalo de (autor)
Otros autores: Bou, Núria (prólogo) (prólogo), Pérez, Xavier (prólogo) (prólogo)
Formato: Libro
Idioma:Español
Publicado: Barcelona, España : Paidós : Sitges Festival Internacional de Cinema de Catalunya, 2001, c2001
Colección:(Paidós Comunicación ; Cine) 131.
Temas:
Etiquetas: Agrega una etiqueta
Sin etiquetas, Sé el primero en etiquetar este registro!

MARC

LEADER 00000nam^a2200000^a^4500
001 000136762
005 20250521000000.0
009 20260310095329.819
020 |a 84-493-1164-0 
037 |a Acervo ITESO - Biblioteca 
041 |a ESP 
082 |a 302. 23520944  |b LUC 
100 |a Lucas, Gonzalo de  |e (autor) 
245 1 0 |a Vida secreta de las sombras :  |b imágenes del fantástico en el cine francés /  |c G. de Lucas ; pról. de N. Bou, X. Pérez ; tr. por Rosa Gago Pascual. 
264 4 |a Barcelona, España :  |b Paidós :  |b Sitges Festival Internacional de Cinema de Catalunya,  |c 2001, c2001 
300 |a 294 p. 
336 |a texto  |b txt  |2 rdacontenido 
337 |a sin mediación  |b n  |2 rdamedio 
338 |a volumen  |b nc  |2 rdasoporte 
440 1 |a (Paidós Comunicación ;  |v 131.  |p Cine) 
520 |a Recorrido crítico por la idea de lo "fantástico" en la tradición fílmica francesa. A diferencia de otros cines nacionales, el francés no llegó a integrar en su primer siglo –según explican los prologuistas Nuria Bou y Xavier Pérez- un corpus sistemático de filmes de género asociados al fantástico. En lugar de una inscripción genérica precisa, se produce en el cine francés un conjunto de universos fantásticos interconectados: por un lado, cineastas como Georges Méliès, Jean Cocteau, Abel Gance, René Clair o Jean Epstein transgreden las leyes naturales mediante la manipulación para darnos a ver; Robert Bresson, Jean Renoir o Chris Marker preservan las leyes del mundo ordinario con la pretensión de hacer sentir lo invisible y otros, como Jean-Luc Godard, Jean Vigo o Carl Theodor Dreyer combinan o cuestionan sendas vías. Completa la obra un centenar de breves comentarios sobre películas vinculadas al fantástico francés. 
649 |a XX 
650 |a Cine Fantástico -  |z Francia -  |x Historia y Crítica -  |x Tema Principal 
650 |a Cine Francés -  |x Historia y Crítica 
650 |a Cine Francés -  |y Siglo XX 
700 |a Bou, Núria  |e (prólogo) 
700 |a Pérez, Xavier  |e (prólogo) 
910 |a Fondo General 
920 |a Impresos - Libros 
930 |a Colección General 
905 |a 101 
901 |a 0500065529  |b IT1  |c ACC  |u 20250521 
902 |a https://opac.biblio.iteso.mx/vufind/Record/000136762